000 00385nam a22001577a 4500
020 _a978-93-84478-15-5
082 _aH301
_bPAN/K
100 _aPandurang Sirgavkar
245 _aKadha Sagar/
_cby Pandurang Sirgavkar
260 _aKanpur:
_bRoli Prakasan,
_c2016.
300 _a103p.
650 _aStories Hindi
650 _aLiterature Hindi
650 _aLiterature
942 _cBK
999 _c63115
_d63115